Cities in the USA - Sudden Death - Statistics

General Stats
  • This quiz has been taken 266 times
  • The average score is 13 of 19
Answers on the Grid
Answers color-coded by a green-red scale on the quiz's grid according to % correct below.
Seattle
Boise
St. Louis
Tucson
Orlando
Tampa
Chicago
Philadelphia
Indianapolis
Winnipeg
Edmonton
Tunis
Nantes
Elmira
Lodz
St. Gallen
Nancy
St. Augustine
Memphis
Denver
Reynosa
Perth
Albany
Bangor
Lansing
Sierra Vista
Pamplona
Bonn
Savannah
Beaumont
 
Answer Stats
Answer % Correct
Seattle
89%
Chicago
86%
Orlando
86%
Philadelphia
86%
Denver
85%
Indianapolis
85%
Memphis
85%
St. Louis
83%
Tampa
82%
Albany
78%
Tucson
75%
Boise
72%
Savannah
68%
Lansing
64%
St. Augustine
55%
Beaumont
45%
Sierra Vista
39%
Bangor
35%
Elmira
30%
No matching quizzes found
Score Distribution
Percent of People with Each Score
Percentile by Number Answered
Your Score History
You have not taken this quiz